| 000 | 00359pam a2200157a 44500 | ||
|---|---|---|---|
| 008 | 230515b2004 xxu||||| |||| 00| 0 eng d | ||
| 020 | _a0 | ||
| 041 | _aENGLISH | ||
| 082 | _a617 LOV | ||
| 100 | _aLOVE | ||
| 245 | _aLOVE AND BAILEY SHORT PRACTICE OF SURGERY | ||
| 250 | _a24 TH | ||
| 260 |
_aLONDON _bARNOLD _c2004 |
||
| 300 | _a1522 | ||
| 650 | _aSURGERY | ||
| 999 |
_c481230 _d481230 |
||